Elementi per lo studio delle desmidiacee italiche /

Saved in:
Bibliographic Details
Main Author: De Notaris, Giuseppe, 1805-1877.
Format: Book
Language:Italian
Published: Genova : Co' tipi del R.I. de' sordo-muti, 1867.
Subjects:
Tags: Add Tag
No Tags, Be the first to tag this record!
LEADER 00903cam a2200253Ii 4500
001 005657184-4
005 20020606163548.3
008 820217s1867 it 000 0 ita d
010 |a agr18000812  
035 0 |a ocm08164164 
035 0 |a ocm08164164  |z ocm23514955 
040 |a MOA  |c MOA  |d EYM  |d BOH 
043 |a e-it--- 
050 4 |a QK569.D46  |b N67 1867 
090 |a QK569.D46  |b N67 1867 
100 1 |a De Notaris, Giuseppe,  |d 1805-1877. 
245 1 0 |a Elementi per lo studio delle desmidiacee italiche /  |c di Guiseppe De-Notaris. 
260 |a Genova :  |b Co' tipi del R.I. de' sordo-muti,  |c 1867. 
300 |a 84 p. :  |b 9 pl. ;  |c 37 cm. 
650 0 |a Algae  |z Italy. 
650 0 |a Desmidiaceae. 
776 0 8 |i Online version:  |a De Notaris, Giuseppe, 1805-1877.  |t Elementi per lo studio delle desmidiacee italiche.  |d Genova : Co' tipi del R.I. de' sordo-muti, 1867  |w (OCoLC)781604988 
988 |a 20020608 
906 |0 OCLC